000 00499nam a22001577a 4500
003 PILC
005 20160525112839.0
008 160525b xxu||||| |||| 00| 0 eng d
020 _a9781680950465
050 _aHD 69
_b.In43 2015
245 _aInformation technology project management /
_ceditor Sasha Smirnov.
260 _aNew York :
_bDelve Publishing,
_c2015.
300 _ax, 238 pages :
_billustrations ;
_c24 cm.
500 _aIncludes bibliographical references and index.
942 _2lcc
_cBK
999 _c294979
_d294979